Bohócok temetése

Bibliographic Details
Main Author: Mórocz, Mária (Author)
Format: Article
Language:Hungarian
Slovak
Subjects:

MARC

LEADER 00000nab a2200000 a 4500
001 vtls000410906
003 SK-MaSNL
005 20260302235305.0
008 160202c1990 xo 0 hun
015 |a SNBRB19rr/mm-uuuuu 
035 |a CL0411030 
040 |a SNKBUCL  |b slo  |c SNKBUCL  |e AACR2 
041 0 |a slo 
044 |a xo  |c SK 
080 |a 894.511 (437)-3=945.11  |2 1981 
100 1 |a Mórocz, Mária  |4 aut  |9 441095 
245 1 0 |a Bohócok temetése  |c Mária Mórocz 
650 0 7 |a prózy experimentálne  |2 snkbucl  |9 944277 
655 7 |a články z novín a časopisov  |2 snkbucl  |9 267496 
655 7 |a články z odboru literárna veda a krásna literatúra  |2 snkbucl  |9 770045 
773 0 |t Irodalmi szemle  |g Roč. 33, č. 9 (1990), s. 947 
850 |a Slovenská národná knižnica v Martine  |a MTA001 
852 |a SNK  |b KIS3GCP 
958 |a RK 
958 |a HU 
958 |a LX 
992 |a RBX 
999 |c 1554021  |d 1555951